[Event "Int SVK-ch Open 2020"]
[Site "Drienica"]
[Date "2020.08.13"]
[Round "6.2"]
[White "Bures, Jaroslav"]
[Black "Juhar, Roman"]
[Result "1-0"]
[WhiteElo "2386"]
[BlackElo "2225"]
[Annotator "TA"]
[PlyCount "107"]
[EventDate "2020.08.07"]
[EventType "swiss"]
[EventCountry "SVK"]

{[%evp 9,107,50,60,47,53,53,52,27,46,24,47,41,56,60,66,48,78,66,74,43,125,125,144,149,157,139,193,141,91,41,79,72,106,104,102,104,133,129,135,66,67,54,93,87,115,107,92,53,52,41,64,0,0,0,0,0,52,56,110,94,200,192,230,238,268,208,213,223,425,414,387,148,145,104,244,104,153,156,283,264,324,334,585,602,602,407,594,570,576,567,547,524,495,440,1020,964,880,920,1215,1206]} 1. e4 b6 2. d4 Bb7 3. Bd3 g6 4. Nf3 Bg7 5. O-O e6 6. Re1 {B00: Queen's Fianchetto Defence, Nimzowitsch Defence.} Ne7 {[#]} 7. h3 $146 ({Predecessor:} 7. Nbd2 d5 8. exd5 Nxd5 9. Ne4 h6 10. a3 Nd7 11. c4 Ne7 12. Bf4 O-O 13. Qd2 {0-1 (27) Kashlinskaya,A (2494)-Wojtaszek,R (2719) chess.com INT 2020}) 7... O-O 8. Nc3 {White is slightly better.} f5 9. e5 Nbc6 10. a3 h6 11. h4 a6 12. Bf4 Qe8 13. Bc4 Na5 14. Ba2 Bxf3 (14... b5 $14) 15. Qxf3 $16 c6 16. b4 Nb7 17. d5 Qf7 (17... Nd8 $16) 18. d6 (18. dxe6 $18 dxe6 19. Rad1) 18... Nd5 19. Rad1 {[%cal Rc3d5]} Nxc3 20. Qxc3 b5 21. Qd2 Kh7 22. c4 Qe8 23. Rc1 Nd8 {[%cal Bb7d8,Bd8f7,Bf7h6,Bh6g4][%mdl 32]} 24. Be3 ({Better is} 24. Bb3 $16) 24... Nf7 25. f4 Qd8 26. g3 g5 27. hxg5 hxg5 28. Kf2 Nh6 29. Rh1 Kg6 30. Ke2 (30. Kg2 $14) 30... Ng4 $11 31. Bb3 $36 {[%mdl 2048] White has the initiative.} Rh8 32. Kd3 Qe8 ({Black should play} 32... a5 $11) 33. Bd4 Qf7 (33... a5 $14) 34. a4 {[%cal Ba3a4,Ba4a5][%mdl 32]} bxc4+ (34... bxa4 $16 35. Bxa4 Rag8) 35. Bxc4 $18 ({Don't do} 35. Kxc4 Qf8 $16) 35... Qg8 36. a5 Rh7 37. Rxh7 Qxh7 38. Qg2 $1 Qh2 $2 (38... gxf4 39. gxf4 Qh6) 39. Qxh2 Nxh2 {[#]} 40. Rh1 $2 (40. Bxe6 $1 $18 {[%mdl 512] and the rest is easy.} dxe6 41. Rxc6) 40... Ng4 $16 41. Ke2 Nh6 {[#]} (41... Bh6 $16 {was called for.}) 42. Bd3 (42. Bxe6 $1 $18 {has better winning chances.} dxe6 43. Rc1) 42... Nf7 43. Ke3 gxf4+ (43... Nh6 $16 44. Bc3 Ng4+ 45. Kf3 Kf7) 44. gxf4 $18 Bh6 45. Bc3 Bg7 $2 (45... Nh8 {keeps fighting.} 46. Be1 Nf7) 46. Be2 Nh6 47. Bh5+ Kh7 48. Kd4 {White is clearly winning.} Kg8 {If only Black now had time for ...Ng4....} 49. Kc5 Rb8 50. Be2 Ng4 51. Bd4 Nh6 (51... Ra8 $142 52. b5 cxb5) 52. Bxa6 Nf7 53. Bc4 Nd8 54. a6 {Accuracy: White = 69%, Black = 43%.} 1-0

[Event "Int SVK-ch Open 2020"]
[Site "Drienica"]
[Date "2020.08.12"]
[Round "6.2"]
[White "Tomcik, Milan"]
[Black "Tomcikova, Zuzana"]
[Result "1/2-1/2"]
[WhiteElo "1963"]
[BlackElo "1776"]
[Annotator "ChessBase"]
[PlyCount "36"]
[EventDate "2020.08.07"]
[EventType "swiss"]
[EventCountry "SVK"]
[SourceTitle "playchess.com"]
[Source "ChessBase"]
[SourceQuality "1"]
[TimeControl "40/5400+30:1800+30"]

1. Nf3 {[%emt 0:01:00]} Nf6 {[%emt 0:00:00]} 2. g3 {[%emt 0:00:07]} e6 {[%emt 0:00:34]} 3. Bg2 {[%emt 0:00:07]} d5 {[%emt 0:00:35]} 4. d3 {[%emt 0:00:24]} c5 {[%emt 0:01:45]} 5. O-O {[%emt 0:00:26]} Nc6 {[%emt 0:01:14]} 6. Nbd2 {[%emt 0:00:21]} Be7 {[%emt 0:01:30]} 7. e4 {[%emt 0:01:52]} Qc7 {[%emt 0:03:29]} 8. c3 {[%emt 0:01:53]} O-O {[%emt 0:00:46]} 9. Qe2 {[%emt 0:00:44]} dxe4 {[%emt 0:04:24]} 10. dxe4 {[%emt 0:00:51]} b6 {[%emt 0:04:00]} 11. Re1 {[%emt 0:05:42]} Bb7 {[%emt 0:00:59]} 12. e5 {[%emt 0:01:36]} Nd5 {[%emt 0:02:40]} 13. Nf1 {[%emt 0:03:38]} Rfd8 {[%emt 0:04:21]} 14. h4 {[%emt 0:09:05]} Na5 {[%emt 0:19:45]} 15. N1h2 {[%emt 0:00:58]} c4 {[%emt 0:00:28]} 16. Nd4 {[%emt 0:03:24]} a6 {[%emt 0:12:19]} 17. Be4 {[%emt 0:08:26]} b5 {[%emt 0:03:42]} 18. Qg4 {[%emt 0:08:00]} Nc6 1/2-1/2

[Event "Int SVK-ch Open 2020"]
[Site "Drienica"]
[Date "2020.08.13"]
[Round "6.3"]
[White "Manik, Mikulas"]
[Black "Lehocz, Jozsef"]
[Result "1-0"]
[WhiteElo "2366"]
[BlackElo "1959"]
[Annotator "ChessBase"]
[PlyCount "51"]
[EventDate "2020.08.07"]
[EventType "swiss"]
[EventCountry "SVK"]
[TimeControl "40/5400+30:1800+30"]

1. e4 {[%emt 0:00:00]} Nf6 {[%emt 0:00:00]} 2. e5 {[%emt 0:00:00]} Nd5 {[%emt 0:00:00]} 3. d4 {[%emt 0:00:00]} Nb6 {[%emt 0:00:00]} 4. Nf3 {[%emt 0:01:06]} d5 {[%emt 0:00:00]} 5. a4 {[%emt 0:04:03]} Bg4 {[%emt 0:05:46]} 6. Be2 {[%emt 0:05:31]} e6 {[%emt 0:00:46]} 7. Ng5 {[%emt 0:00:46]} Bxe2 {[%emt 0:08:12]} 8. Qxe2 {[%emt 0:00:03]} Be7 {[%emt 0:08:41]} 9. Qh5 {[%emt 0:00:21]} Bxg5 {[%emt 0:00:17]} 10. Bxg5 {[%emt 0:00:03]} Qd7 {[%emt 0:00:08]} 11. O-O {[%emt 0:02:23]} Nc6 {[%emt 0:01:43]} 12. c3 {[%emt 0:11:10]} Na5 {[%emt 0:06:45]} 13. Nd2 {[%emt 0:04:53]} Nbc4 {[%emt 0:14:28]} 14. Nxc4 {[%emt 0:00:21]} dxc4 {[%emt 0:00:12]} 15. f4 {[%emt 0:01:17]} h6 {[%emt 0:10:42]} 16. f5 {[%emt 0:01:38]} Rf8 {[%emt 0:00:29]} 17. Bh4 {[%emt 0:04:03]} c6 {[%emt 0:01:36]} 18. Rf2 {[%emt 0:06:07]} Rc8 {[%emt 0:14:02]} 19. Raf1 {[%emt 0:00:31]} c5 {[%emt 0:05:00]} 20. fxe6 {[%emt 0:02:19]} Qxe6 {[%emt 0:00:25]} 21. d5 {[%emt 0:00:19]} Qxd5 {[%emt 0:00:29]} 22. Rd1 {[%emt 0:00:09]} Qe4 {[%emt 0:00:39]} 23. e6 {[%emt 0:00:17]} g6 {[%emt 0:01:10]} 24. Qxc5 {[%emt 0:00:37]} Nc6 {[%emt 0:05:21]} 25. e7 {[%emt 0:00:11]} Rg8 {[%emt 0:00:35]} 26. Qxc6+ {[%emt 0:00:05]} 1-0

[Event "Int SVK-ch Open 2020"]
[Site "Drienica"]
[Date "2020.08.12"]
[Round "6.3"]
[White "Hlavac, Peter"]
[Black "Bochnickova, Simona"]
[Result "0-1"]
[WhiteElo "1952"]
[BlackElo "1797"]
[Annotator "TA"]
[PlyCount "98"]
[EventDate "2020.08.07"]
[EventType "swiss"]
[EventCountry "SVK"]
[SourceTitle "playchess.com"]
[Source "ChessBase"]
[SourceQuality "1"]

{[%evp 16,98,19,24,22,19,29,18,32,18,18,19,18,19,17,7,13,0,23,-8,0,0,0,0,0,0,0,0,6,0,9,0,23,26,33,24,24,-116,-107,-180,-190,-245,-245,-233,-240,-297,-225,-227,-218,-241,-76,-153,-100,-432,-442,-694,-706,-664,-544,-859,-827,-926,-903,-1241,-1278,-1072,-992,-2657,-2369,-5297,-29978,-5297,-5254,-29983,-29984,-29988,-29989,-29989,-29990,-29990,-29991,-29992,-29993,-29996,-29997]} 1. Nf3 d5 2. g3 Nf6 3. Bg2 e6 4. O-O c5 5. d4 Nc6 6. c4 dxc4 7. Qa4 Bd7 8. dxc5 Bxc5 9. Qxc4 Bb6 {E04: Open Catalan: 5 Nf3.} 10. Nc3 Rc8 11. Bg5 h6 {The position is equal.} 12. Qh4 {aiming for Ne4.} O-O 13. Bxf6 Qxf6 14. Qxf6 gxf6 {[#]} 15. Rfd1 $146 ({Predecessor:} 15. Ne4 Kg7 16. Nd6 Rb8 17. Rfd1 Rfd8 18. a3 Kf8 19. Rd3 Be8 20. Rad1 Rd7 21. Nxe8 Rxd3 22. Rxd3 Kxe8 {½-½ (30) Tikkanen,K (2300)-Bagirov,V (2505) Jyvaskyla 1997}) 15... Rfd8 16. Ne4 Kg7 17. Rac1 Ne7 18. Nd6 Rxc1 19. Rxc1 Bc6 20. Nc4 Bc7 21. Ne1 Bxg2 22. Kxg2 Nd5 23. Nd3 b5 24. Na3 b4 25. Nb5 Bb6 {Strongly threatening ...a6.} 26. e4 (26. Rc4 $11) 26... Ne3+ $17 {[%mdl 64] Discovered Attack} 27. fxe3 (27. Kf3 $17) 27... Rxd3 {[%mdl 4096] Endgame KRB-KRN} 28. Rc4 (28. Rc2 $142) 28... Rd2+ $19 ({Don't play} 28... Bxe3 29. Rxb4 Rd2+ 30. Kh1 $17) 29. Kf3 Rxb2 30. h4 Kg6 ({Less strong is} 30... Rxa2 31. Rxb4 a5 32. Rb1 $17) 31. g4 h5 32. Nd6 Rxa2 $2 (32... hxg4+ $19 {is more deadly.} 33. Kxg4 Rg2+ 34. Kf3 Rxa2 35. h5+ Kxh5 36. Rxb4 Rc2) 33. gxh5+ $17 {[#]} Kxh5 ({Black should try} 33... Kh7 $1 {White must now prevent ...b3.} 34. e5 b3 35. Nxf7 Kg7) 34. Nxf7 $2 {[%mdl 8192] Loses the game.} (34. Rxb4 $17 Rc2 35. Ne8) 34... b3 $19 35. e5 (35. Rb4 $142 b2 36. Rb5+ Kxh4 37. e5) 35... b2 36. Rb4 f5 37. Nd6 Bc5 38. Rb3 a5 39. Nc4 a4 40. Rb8 a3 41. Nd2 Ra1 42. Kf4 b1=Q {[%mdl 64] Promotion} 43. Nxb1 a2 44. Nd2 {[#]} Bxe3+ $1 {[%mdl 576] Promotion. Black mates.} 45. Kxe3 Re1+ 46. Kf4 a1=Q 47. Rh8+ Kg6 48. Rg8+ Kh7 49. Rg2 Qxe5+ {Accuracy: White = 48%, Black = 83%.} 0-1

[Event "Int SVK-ch Open 2020"]
[Site "Drienica"]
[Date "2020.08.13"]
[Round "6.4"]
[White "Macko, Michal"]
[Black "Orsag, Milan"]
[Result "1/2-1/2"]
[WhiteElo "2148"]
[BlackElo "2300"]
[Annotator "ChessBase"]
[PlyCount "126"]
[EventDate "2020.08.07"]
[EventType "swiss"]
[EventCountry "SVK"]
[TimeControl "40/5400+30:1800+30"]

1. d4 {[%emt 0:00:00]} d5 {[%emt 0:00:30]} 2. Bf4 {[%emt 0:00:00]} Nf6 {[%emt 0:01:24]} 3. e3 {[%emt 0:00:00]} g6 {[%emt 0:00:30]} 4. Nc3 {[%emt 0:01:05]} Bg7 {[%emt 0:00:45]} 5. h4 {[%emt 0:00:06]} h6 {[%emt 0:00:45]} 6. Qd2 {[%emt 0:02:52]} c6 {[%emt 0:05:14]} 7. Bd3 {[%emt 0:03:05]} Nbd7 {[%emt 0:02:08]} 8. Nf3 {[%emt 0:01:11]} O-O {[%emt 0:09:37]} 9. e4 {[%emt 0:03:32]} dxe4 {[%emt 0:02:51]} 10. Nxe4 {[%emt 0:00:05]} Nxe4 {[%emt 0:07:19]} 11. Bxe4 {[%emt 0:00:05]} Nf6 {[%emt 0:00:19]} 12. Bd3 {[%emt 0:00:30]} Bg4 {[%emt 0:01:17]} 13. c3 {[%emt 0:02:59]} Bxf3 {[%emt 0:03:40]} 14. gxf3 {[%emt 0:00:06]} Qd5 {[%emt 0:01:34]} 15. O-O-O {[%emt 0:00:46]} h5 {[%emt 0:05:03]} 16. Qe2 {[%emt 0:01:18]} Qxa2 {[%emt 0:02:50]} 17. Bc4 {[%emt 0:02:00]} Qa4 {[%emt 0:01:24]} 18. Rhg1 {[%emt 0:01:44]} b5 {[%emt 0:09:42]} 19. Bd3 {[%emt 0:00:13]} Nd5 {[%emt 0:06:20]} 20. Be5 {[%emt 0:02:28]} Bh6+ {[%emt 0:03:08]} 21. Kb1 {[%emt 0:01:32]} Qb3 {[%emt 0:01:40]} 22. Ka1 {[%emt 0:02:43]} Qa4+ {[%emt 0:03:28]} 23. Kb1 {[%emt 0:00:06]} Kh7 {[%emt 0:03:57]} 24. f4 {[%emt 0:01:43]} f5 {[%emt 0:03:05]} 25. Rxg6 {[%emt 0:00:54]} Nxc3+ {[%emt 0:01:47]} 26. bxc3 {[%emt 0:00:04]} Qb3+ {[%emt 0:00:05]} 27. Ka1 {[%emt 0:00:52]} Qa3+ {[%emt 0:03:02]} 28. Kb1 {[%emt 0:00:44]} Qb3+ {[%emt 0:00:06]} 29. Kc1 {[%emt 0:01:38]} Qxc3+ {[%emt 0:03:42]} 30. Bc2 {[%emt 0:01:18]} Qa3+ {[%emt 0:02:33]} 31. Kd2 {[%emt 0:00:19]} Qb4+ {[%emt 0:00:23]} 32. Ke3 {[%emt 0:00:13]} Qa3+ {[%emt 0:00:34]} 33. Bd3 {[%emt 0:00:13]} Kxg6 {[%emt 0:04:03]} 34. Rg1+ {[%emt 0:00:09]} Kf7 {[%emt 0:00:20]} 35. Qxh5+ {[%emt 0:00:21]} Ke6 {[%emt 0:00:05]} 36. Qxh6+ {[%emt 0:01:14]} Kd7 {[%emt 0:01:42]} 37. Qg6 {[%emt 0:02:57]} Rae8 {[%emt 0:02:33]} 38. Bg7 {[%emt 0:00:38]} Rf6 {[%emt 0:00:34]} 39. Qh7 {[%emt 0:00:59]} Re6+ {[%emt 0:02:08]} 40. Be5 {[%emt 0:00:06]} c5 {[%emt 0:00:20]} 41. d5 {[%emt 0:31:16]} Rxe5+ {[%emt 0:33:18]} 42. fxe5 {[%emt 0:00:09]} c4 {[%emt 0:00:36]} 43. Rd1 {[%emt 0:02:40]} f4+ {[%emt 0:00:00]} 44. Kxf4 {[%emt 0:00:00]} cxd3 {[%emt 0:00:00]} 45. Qf5+ {[%emt 0:00:00]} Kc7 {[%emt 0:00:00]} 46. Rxd3 {[%emt 0:00:00]} Qb4+ {[%emt 0:00:00]} 47. Kf3 {[%emt 0:00:00]} Kb8 {[%emt 0:00:00]} 48. d6 {[%emt 0:00:00]} exd6 {[%emt 0:00:00]} 49. exd6 {[%emt 0:00:00]} a6 {[%emt 0:00:00]} 50. d7 {[%emt 0:00:00]} Rd8 {[%emt 0:00:00]} 51. Qf6 {[%emt 0:00:00]} Qf8 {[%emt 0:00:00]} 52. Qxf8 {[%emt 0:00:00]} Rxf8+ {[%emt 0:00:00]} 53. Ke4 {[%emt 0:00:00]} Kc7 {[%emt 0:00:00]} 54. Ke5 {[%emt 0:00:00]} Kd8 {[%emt 0:00:00]} 55. f4 {[%emt 0:00:00]} Rh8 {[%emt 0:00:00]} 56. Rd6 {[%emt 0:00:00]} Rxh4 {[%emt 0:00:00]} 57. Rxa6 {[%emt 0:00:00]} Kxd7 {[%emt 0:00:00]} 58. Rb6 {[%emt 0:00:00]} Ke8 {[%emt 0:00:00]} 59. Rxb5 {[%emt 0:00:00]} Rh5+ {[%emt 0:00:00]} 60. f5 {[%emt 0:00:00]} Rh6 {[%emt 0:00:00]} 61. Rb7 {[%emt 0:00:00]} Kf8 {[%emt 0:00:00]} 62. Rd7 {[%emt 0:00:00]} Ra6 {[%emt 0:00:06]} 63. Rd8+ {[%emt 0:00:00]} Kf7 {[%emt 0:00:07]} 1/2-1/2

[Event "Int SVK-ch Open 2020"]
[Site "Drienica"]
[Date "2020.08.12"]
[Round "6.4"]
[White "Strapec, Lukas"]
[Black "Antal, Jakub"]
[Result "1/2-1/2"]
[WhiteElo "1525"]
[BlackElo "1939"]
[Annotator "TA"]
[PlyCount "108"]
[EventDate "2020.08.07"]
[EventType "swiss"]
[EventCountry "SVK"]
[SourceTitle "playchess.com"]
[Source "ChessBase"]
[SourceQuality "1"]

{[%evp 19,108,51,58,54,70,65,66,71,64,69,66,27,29,22,127,11,14,0,55,12,18,9,10,22,15,0,66,0,0,0,0,-7,-6,-3,2,0,4,-10,-8,-37,0,-34,-30,-69,-62,-222,-270,-227,-16,-37,0,-36,-36,-179,0,0,0,0,0,0,0,0,0,0,0,0,0,0,0,0,0,0,0,0,0,0,0,0,0,0,0,0,0,0,0,0,0,0,0,0,0]} 1. d4 Nf6 2. c4 c5 3. d5 b5 4. cxb5 a6 5. b6 Qxb6 6. Nc3 d6 7. e4 Nbd7 8. Nf3 g6 9. Be2 Bg7 10. O-O O-O 11. Qc2 {A57: Benko/Volga Gambit.} Qb7 12. Rb1 Nb6 13. b4 {[#] White is slightly better.} Nfd7 $146 ({Predecessor:} 13... c4 14. Be3 Bd7 15. a4 Rac8 16. Bd4 Bg4 17. a5 Na8 18. b5 axb5 19. Nxb5 Qa6 {1-0 (43) Cori Tello,D (2411)-Heinecke,V (2025) Mar del Plata 2012}) 14. Be3 Qc7 15. Na4 (15. Rfc1 {is more complex.} cxb4 16. Rxb4 Nc5 17. Bxc5 dxc5 18. Nd1) 15... Nxa4 16. Qxa4 f5 (16... a5 $11 {keeps the balance.}) 17. bxc5 (17. exf5 $16 Rxf5 18. Ng5) 17... Nxc5 $11 18. Bxc5 dxc5 (18... Qxc5 $11 19. Bd3 fxe4) 19. Qc4 {And now d6+ would win.} (19. Bc4 $5 {[%cal Rd5d6]} Kh8 20. e5 $14) 19... Qd6 20. e5 Bxe5 21. Nxe5 Qxe5 22. Bf3 Qd4 (22... Qd6 $11) 23. Qxd4 (23. Qc1 $1 $14) 23... cxd4 24. Rfd1 Ra7 25. Rb6 Rd8 26. Rxd4 Rad7 27. h3 Kg7 28. Kf1 e5 29. Rc4 {Black must now prevent Rb8.} e4 30. Be2 {Hoping for Rb8.} (30. Bxe4 $5 fxe4 31. Rb8 $11) 30... Rxd5 31. Rc7+ Kh6 $1 32. Bxa6 $2 (32. Ke1 $15) 32... Bxa6+ $19 33. Rxa6 $15 {[%mdl 4096] Endgame KRR-KRR} f4 $2 (33... Rd1+ $19 34. Ke2 R8d2+ 35. Ke3 Rb2) 34. Rc1 f3 35. gxf3 (35. Re1 {keeps more tension.} Rd2 36. gxf3 exf3 37. Ra3 Rf8 38. Kg1) 35... exf3 36. Re6 {[#]} ({White has to play} 36. Kg1 $1 $15) 36... Kg5 $2 ({Better is} 36... Rh5 $1 $19 {[%cal Rh5h3]} 37. Kg1 Rd2) 37. Kg1 $11 {The position is equal.} Rd1+ 38. Re1 R1d2 39. a4 Ra2 40. Ra1 Rdd2 41. Rxa2 Rxa2 {KR-KR} 42. Re4 Kf5 (42... h5 {is interesting.} 43. h4+ Kf5 44. Rb4 Ke5 45. Rc4 Kf5) 43. Rb4 g5 44. h4 h6 45. h5 g4 46. Rb5+ Kf4 47. a5 Ke4 (47... g3 $5 48. Rb4+ $8 {[#]} Kg5 $1 {[%mdl 512]} 49. fxg3 Rxa5 $11) 48. Rb4+ Kf5 49. Rb5+ Kf4 50. Rc5 g3 51. Rc4+ {[#]} Kg5 $1 {[%mdl 512] ( -> ...Ra1+)} 52. fxg3 Rxa5 53. Kf2 Rf5 54. Ra4 Rf8 {Accuracy: White = 67%, Black = 77%.} 1/2-1/2

[Event "Int SVK-ch Open 2020"]
[Site "Drienica"]
[Date "2020.08.13"]
[Round "6.5"]
[White "Istona, Martin"]
[Black "Bombek, Peter"]
[Result "1-0"]
[WhiteElo "2267"]
[BlackElo "2181"]
[Annotator "ChessBase"]
[PlyCount "65"]
[EventDate "2020.08.07"]
[EventType "swiss"]
[EventCountry "SVK"]
[TimeControl "40/5400+30:1800+30"]

1. e4 {[%emt 0:05:27]} e6 {[%emt 0:00:00]} 2. d4 {[%emt 0:00:05]} d5 {[%emt 0:00:00]} 3. e5 {[%emt 0:00:18]} c5 {[%emt 0:00:00]} 4. c3 {[%emt 0:00:34]} Bd7 {[%emt 0:00:01]} 5. Nf3 {[%emt 0:00:00]} Nc6 {[%emt 0:00:04]} 6. Be2 {[%emt 0:00:18]} Nge7 {[%emt 0:00:30]} 7. O-O {[%emt 0:00:08]} Ng6 {[%emt 0:00:13]} 8. g3 {[%emt 0:00:13]} Be7 {[%emt 0:00:09]} 9. h4 {[%emt 0:00:08]} cxd4 {[%emt 0:00:15]} 10. cxd4 {[%emt 0:00:08]} O-O {[%emt 0:00:07]} 11. h5 {[%emt 0:00:05]} Nh8 {[%emt 0:00:04]} 12. Nbd2 {[%emt 0:00:52]} f6 {[%emt 0:00:35]} 13. h6 {[%emt 0:00:46]} g6 {[%emt 0:01:27]} 14. exf6 {[%emt 0:00:06]} Bxf6 {[%emt 0:00:14]} 15. Nb3 {[%emt 0:00:07]} Nf7 {[%emt 0:01:52]} 16. Nc5 {[%emt 0:00:46]} b6 {[%emt 0:04:47]} 17. Nxd7 {[%emt 0:01:23]} Qxd7 {[%emt 0:00:01]} 18. Bb5 {[%emt 0:08:16]} a6 {[%emt 0:08:27]} 19. Bxc6 {[%emt 0:01:54]} Qxc6 {[%emt 0:00:01]} 20. Bf4 {[%emt 0:03:23]} g5 {[%emt 0:08:16]} 21. Be3 {[%emt 0:04:17]} Kh8 {[%emt 0:02:19]} 22. Rc1 {[%emt 0:31:34]} Qd6 {[%emt 0:04:02]} 23. Kg2 {[%emt 0:05:53]} Nxh6 {[%emt 0:09:06]} 24. Nxg5 {[%emt 0:02:44]} Nf7 {[%emt 0:18:47]} 25. Nxh7 {[%emt 0:01:10]} Kxh7 {[%emt 0:01:43]} 26. Rh1+ {[%emt 0:00:47]} Kg8 {[%emt 0:00:52]} 27. Qh5 {[%emt 0:03:05]} Nh6 {[%emt 0:04:02]} 28. Qg6+ {[%emt 0:01:44]} Bg7 {[%emt 0:00:18]} 29. Rxh6 {[%emt 0:02:10]} Rf6 {[%emt 0:01:18]} 30. Qh7+ {[%emt 0:00:19]} Kf7 {[%emt 0:00:52]} 31. Rxf6+ {[%emt 0:00:31]} Kxf6 {[%emt 0:00:06]} 32. Bg5+ {[%emt 0:00:15]} Kf7 {[%emt 0:00:38]} 33. Bf4 {[%emt 0:00:28]} 1-0

[Event "Int SVK-ch Open 2020"]
[Site "Drienica"]
[Date "2020.08.12"]
[Round "6.5"]
[White "Lehocz, Jozsef Jr."]
[Black "Durica, Andrej"]
[Result "1/2-1/2"]
[WhiteElo "1534"]
[BlackElo "1911"]
[Annotator "ChessBase"]
[PlyCount "73"]
[EventDate "2020.08.07"]
[EventType "swiss"]
[EventCountry "SVK"]
[SourceTitle "playchess.com"]
[Source "ChessBase"]
[SourceQuality "1"]
[TimeControl "40/5400+30:1800+30"]

1. e4 {[%emt 0:00:00]} e5 {[%emt 0:00:00]} 2. Bc4 {[%emt 0:00:00]} f5 {[%emt 0:00:00]} 3. d3 {[%emt 0:05:44]} Nf6 {[%emt 0:00:45]} 4. Nc3 {[%emt 0:13:39]} Bb4 {[%emt 0:00:25]} 5. Nf3 {[%emt 0:02:00]} Nc6 {[%emt 0:01:28]} 6. O-O {[%emt 0:00:34]} Bxc3 {[%emt 0:00:40]} 7. bxc3 {[%emt 0:00:17]} d6 {[%emt 0:00:25]} 8. Ng5 {[%emt 0:01:17]} Qe7 {[%emt 0:02:17]} 9. Bf7+ {[%emt 0:13:27]} Kf8 {[%emt 0:04:51]} 10. Bb3 {[%emt 0:02:37]} Na5 {[%emt 0:06:55]} 11. Qe2 {[%emt 0:26:23]} Nxb3 {[%emt 0:00:34]} 12. cxb3 {[%emt 0:00:27]} h6 {[%emt 0:00:38]} 13. Nf3 {[%emt 0:00:30]} fxe4 {[%emt 0:02:00]} 14. dxe4 {[%emt 0:00:06]} Bg4 {[%emt 0:04:01]} 15. h3 {[%emt 0:00:35]} Bh5 {[%emt 0:02:29]} 16. g4 {[%emt 0:12:31]} Nxg4 {[%emt 0:03:15]} 17. hxg4 {[%emt 0:00:28]} Bxg4 {[%emt 0:00:07]} 18. Qd3 {[%emt 0:05:17]} Bh3 {[%emt 0:11:44]} 19. Re1 {[%emt 0:00:10]} Qe6 {[%emt 0:01:48]} 20. Nh2 {[%emt 0:00:13]} g5 {[%emt 0:00:47]} 21. Re3 {[%emt 0:00:26]} g4 {[%emt 0:00:59]} 22. Ba3 {[%emt 0:06:54]} Kg7 {[%emt 0:01:55]} 23. Qd5 {[%emt 0:00:38]} Qxd5 {[%emt 0:01:34]} 24. exd5 {[%emt 0:00:06]} Raf8 {[%emt 0:00:24]} 25. c4 {[%emt 0:00:24]} b6 {[%emt 0:00:37]} 26. b4 {[%emt 0:00:01]} Rf4 {[%emt 0:02:03]} 27. c5 {[%emt 0:00:18]} Rhf8 {[%emt 0:00:40]} 28. Re2 {[%emt 0:00:11]} h5 {[%emt 0:02:02]} 29. cxd6 {[%emt 0:00:09]} cxd6 {[%emt 0:00:20]} 30. b5 {[%emt 0:00:02]} R8f6 {[%emt 0:04:20]} 31. Rd1 {[%emt 0:01:17]} h4 {[%emt 0:00:39]} 32. Rd3 {[%emt 0:00:14]} Rg6 {[%emt 0:04:32]} 33. Ree3 {[%emt 0:00:48]} Rgf6 {[%emt 0:03:22]} 34. Re2 {[%emt 0:00:57]} Rg6 {[%emt 0:09:37]} 35. Ree3 {[%emt 0:00:36]} Rgf6 {[%emt 0:09:01]} 36. Rd2 {[%emt 0:01:09]} Rg6 {[%emt 0:03:05]} 37. Rdd3 {[%emt 0:00:21]} 1/2-1/2

[Event "Int SVK-ch Open 2020"]
[Site "Drienica"]
[Date "2020.08.12"]
[Round "6.6"]
[White "Ferkova, Dominika"]
[Black "Kukan, Michal"]
[Result "1-0"]
[WhiteElo "2111"]
[BlackElo "1769"]
[Annotator "ChessBase"]
[PlyCount "67"]
[EventDate "2020.08.07"]
[EventType "swiss"]
[EventCountry "SVK"]
[SourceTitle "playchess.com"]
[Source "ChessBase"]
[SourceQuality "1"]
[TimeControl "40/5400+30:1800+30"]

1. d4 {[%emt 0:00:00]} Nf6 {[%emt 0:00:00]} 2. c4 {[%emt 0:00:00]} g6 {[%emt 0:00:00]} 3. Nc3 {[%emt 0:00:00]} Bg7 {[%emt 0:00:15]} 4. e4 {[%emt 0:00:00]} d6 {[%emt 0:00:34]} 5. f3 {[%emt 0:00:03]} O-O {[%emt 0:00:31]} 6. Be3 {[%emt 0:00:03]} Nbd7 {[%emt 0:00:26]} 7. Nge2 {[%emt 0:01:12]} e5 {[%emt 0:01:42]} 8. d5 {[%emt 0:01:00]} a6 {[%emt 0:01:52]} 9. Qd2 {[%emt 0:04:51]} Nb6 {[%emt 0:02:57]} 10. Ng3 {[%emt 0:07:38]} Ne8 {[%emt 0:02:33]} 11. Bd3 {[%emt 0:10:55]} f5 {[%emt 0:02:44]} 12. Bf2 {[%emt 0:02:41]} Bd7 {[%emt 0:09:37]} 13. Rb1 {[%emt 0:16:40]} Kh8 {[%emt 0:03:00]} 14. b4 {[%emt 0:01:07]} f4 {[%emt 0:21:56]} 15. Nge2 {[%emt 0:00:50]} Qg5 {[%emt 0:01:45]} 16. g3 {[%emt 0:06:14]} Bh6 {[%emt 0:01:21]} 17. h4 {[%emt 0:01:56]} Qe7 {[%emt 0:04:19]} 18. g4 {[%emt 0:04:48]} Rf7 {[%emt 0:02:07]} 19. c5 {[%emt 0:01:48]} Nc8 {[%emt 0:03:57]} 20. a4 {[%emt 0:02:30]} Qf8 {[%emt 0:01:29]} 21. Bc4 {[%emt 0:06:46]} Bxg4 {[%emt 0:02:03]} 22. fxg4 {[%emt 0:00:56]} f3 {[%emt 0:00:59]} 23. g5 {[%emt 0:00:53]} fxe2 {[%emt 0:00:30]} 24. Qxe2 {[%emt 0:00:31]} Bg7 {[%emt 0:00:43]} 25. h5 {[%emt 0:11:46]} Rf3 {[%emt 0:03:51]} 26. Be3 {[%emt 0:00:59]} gxh5 {[%emt 0:02:47]} 27. Rxh5 {[%emt 0:01:18]} Ne7 {[%emt 0:01:01]} 28. Kd2 {[%emt 0:01:40]} Rg3 {[%emt 0:12:38]} 29. Rf1 {[%emt 0:01:19]} Qg8 {[%emt 0:01:55]} 30. Qh2 {[%emt 0:00:34]} Rg4 {[%emt 0:04:04]} 31. Be2 {[%emt 0:00:56]} Rf4 {[%emt 0:00:31]} 32. Rh1 {[%emt 0:00:31]} Qf7 {[%emt 0:01:44]} 33. Rxh7+ {[%emt 0:00:10]} Kg8 {[%emt 0:00:23]} 34. Rh8+ {[%emt 0:00:11]} 1-0